CONSUMER PROTECTION (Record no. 9338)

MARC details
000 -LEADER
fixed length control field 00434nam a22001577a 4500
003 - CONTROL NUMBER IDENTIFIER
control field SGT
020 ## - INTERNATIONAL STANDARD BOOK NUMBER
International Standard Book Number 9788190651509
082 ## - DEWEY DECIMAL CLASSIFICATION NUMBER
Classification number 381.34,MAT
100 ## - MAIN ENTRY--PERSONAL NAME
Personal name MATHUR, ROOPA OM
245 ## - TITLE STATEMENT
Title CONSUMER PROTECTION
260 ## - PUBLICATION, DISTRIBUTION, ETC. (IMPRINT)
Place of publication, distribution, etc NEW DELHI
Name of publisher, distributor, etc JBC PUBLISHERS
300 ## - PAGE DESCRIPTION
No. of Pages 140
650 ## - SUBJECT ADDED ENTRY--TOPICAL TERM
Topical term or geographic name as entry element CONSUMER PROTECTION
653 ## - KEYWORDS--INDEX TERM
Keyword term CONSUMERISM IN INDIA, METHODS CONSUMER PROTECTION- LEGAL AND VOLUNTARY, CONSUMER BUYING MOTIVES
942 ## - ADDED ENTRY ELEMENTS (KOHA)
Source of classification or shelving scheme Dewey Decimal Classification
Koha item type FPS Books
Holdings
Withdrawn status Lost status Source of classification or shelving scheme Damaged status Not for loan Collection code Home library Current library Shelving location Date acquired Vendor Name Cost, normal purchase price SGTU Total Checkouts Full call number Accession No. (Barcode) Date last seen Date last borrowed Bill Date Koha item type
    Dewey Decimal Classification     COMMERCE MANAGEMENT SGT Science & Social Sciences Library SGT Science & Social Sciences Library Text Book 30/06/2016 GIFT 100.00 SGTU 4 381.34,MAT CM306 10/05/2018 25/04/2018 30/06/2016 FCM Books